Statystyki dla Kraje najbliższe Papui Nowej Gwinei

Kliknij tutaj aby rozwiązać quiz!

Ogólne statystyki

  • Ten quiz został rozwiązany 63 razy
  • Średni wynik to 14 z 20

Statystyki odpowiedzi

kmkraj% Poprawnych
4Australia
98%
0Indonezja
96%
3472Nowa Zelandia
87%
2565Malezja
85%
1263Palau
78%
5Wyspy Salomona
78%
1953Filipiny
76%
514Mikronezja
75%
2518Fidżi
71%
1636Kiribati
71%
1875Wyspy Marshalla
71%
1392Nauru
69%
2226Tuvalu
69%
3469Japonia
67%
1485Vanuatu
65%
2950Brunei
62%
3249Tonga
60%
3578Samoa
56%
1506Timor-Leste
55%
3454Tajwan
42%

Rozkład punktacji

Percentyl według liczby udzielonych odpowiedzi

Procent ludzi z każdym wynikiem

Twoja historia wyników

Nie rozwiązałeś tego quizu